1701 1747 1817 1443 1756 1386 1256 1079 1252 1590 1331 1708 1728 1127 1120 1486 1427 1670 1373 1180 1376 1680 1254 1882 1498 1206 1194 1624 1199 1526 2000 1141 1245 1670 1924 1747 1417 1932 1184 1176 1283 1512 1297 1400 1887 1817 1939 1313 1769 1801 1834 1992 1973 1921 1737 1840 1480 1498 1487 1273 1825 1260 1047 1946 1556 1509 1294 1639 1424 1424 1656 1181 1615 1912 1577 1476 1275 1164 1308 1139 1858 1252 1149 1418 1451 1735 1106 1242 1594 1824 1339 1574 1034 1938 1849 1206 1726 1858 1350 BCNSPRNW ULIB Ver.6.0+V

เปลี่ยนเป็นภาษาไทย

Change to English
 แสดงรายละเอียดบรรณานุกรม
  กลับหน้าหลัก

Brief Record : Get Marc (ISO 2709) : E-mail record : QR code < ปิดหน้าต่าง
LEADER : 00000nam 2200000uu 4500
001    13399123307
003     ULIB
008    140820s2557||||th 000 0 tha d
099    วจ.WY16^bน743ส
100 0  นุศรา วิจิตรแก้ว, เบญจมาภรณ์ นาคามดี และสาวิตรี ลิ้มกมลทิพย์
245 00 สมรรถนะของพยาบาลเวชปฏิบัติในการปฏิบัติงานตามการรายงานตนเอง การประเมินโดยผู้บังคับบัญชา และการรับรู้ของผู้รับบริการ/^cนุศรา วิจิตรแก้ว, เบญจมาภรณ์ นาคามดี และสาวิตรี ลิ้มกมลทิพย์
260    พิษณุโลก:^bวิทยาลัยพยาบาลบรมราชชนนี พุทธชินราช,^c2557
300    60 หน้า
650  0 พยาบาลเวชปฏิบัติ^xวิจัย
700 0  เบญจมาภรณ์ นาคามดี ^eผู้ร่วมวิจัย
700 0  สาวิตรี ลิ้มกมลทิพย์^eผู้ร่วมวิจัย
945    ^p0^l0^i034610
999    ^aเกษร โพธิ์สุวรรณ
รายการนี้ยังไม่มีแท็ก
คุณยังไม่ได้ล็อกอิน คุณสามารถมีกิจกรรมร่วมกับเว็บไซต์ได้ แต่ต้องล็อกอินก่อน ::
  ล็อกอิน

รายการสื่อสารสนเทศ

ลำดับที่ ประเภท เลขเรียก/บาร์โค้ด สถานที่ สถานะ
1. งานวิจัย
งานวิจัย
วจ.WY16 น743ส ฉ.1 
  Barcode: 034610
ห้องสมุดวิทยาเขตสวรรค์ประชารักษ์
►วิจัย
บนชั้น

BibComment


ยังไม่เคยถูกคอมเมนท์

คอมเมนท์ทรัพยากรรายการนี้
  คอมเมนท์: สมรรถนะของพยาบาลเ..


 Copyright 2026. Bcnsprnw @Library